Informe "Seguridad Ciudadana y Preservación de la Violencia Juvenil" (Record no. 9619)
[ view plain ]
| 000 -LEADER | |
|---|---|
| campo de control de longitud fija | 00414nam a2200133Ia 4500 |
| 001 - NÚMERO DE CONTROL | |
| campo de control | 122 |
| 008 - DATOS DE LONGITUD FIJA--INFORMACIÓN GENERAL | |
| campo de control de longitud fija | 241024s9999 xx 000 0 und d |
| 082 ## - NÚMERO DE LA CLASIFICACIÓN DECIMAL DEWEY | |
| Número de clasificación | RD/340/S446i |
| 100 ## - ENTRADA PRINCIPAL--NOMBRE DE PERSONA | |
| Nombre de persona | República Dominicana Secretaria de Estado de Interior y Policia UNESCO |
| 245 #0 - MENCIÓN DEL TÍTULO | |
| Título | Informe "Seguridad Ciudadana y Preservación de la Violencia Juvenil" |
| 260 ## - PUBLICACIÓN, DISTRIBUCIÓN, ETC. | |
| Nombre del editor, distribuidor, etc. | SELP |
| Fecha de publicación, distribución, etc. | 2008 |
| 901 ## - ELEMENTOS DE DATOS A LOCAL LDA (RLIN) | |
| a | 19/10/2010 10:24:52 a.m. |
No items available.